Al-Rauzatul Bahiya (Record no. 487)
[ view plain ]
| 000 -LEADER | |
|---|---|
| fixed length control field | 00602nam a2200241 a 4500 |
| 020 ## - INTERNATIONAL STANDARD BOOK NUMBER | |
| ISBN | |
| 082 00 - DEWEY DECIMAL CLASSIFICATION NUMBER | |
| Classification number | 297.2 |
| Author Cutter | AZB |
| 100 ## - MAIN ENTRY--AUTHOR NAME | |
| Author name | Azbat, Al Hassan Abi |
| 245 ## - TITLE STATEMENT | |
| Title | Al-Rauzatul Bahiya |
| 260 ## - PUBLICATION, DISTRIBUTION, ETC. (IMPRINT) | |
| Place of publication | Hyderabad |
| Name of publisher | Dairatul Maarif |
| Year of publication | 1969 |
| 300 ## - PHYSICAL DESCRIPTION | |
| Number of Pages | 78p |
| 500 ## - GENERAL NOTE | |
| General note | includes index and biblioraphy |
| 505 2# - FORMATTED CONTENTS NOTE | |
| Formatted contents note | 12 Volumes in Bounded in Six Volumes |
| 650 ## - SUBJECT ADDED ENTRY--TOPICAL TERM | |
| Topical Term | Islam-Doctrines |
| 942 ## - ADDED ENTRY ELEMENTS (KOHA) | |
| Koha item type | |
| 700 1# - | |
| -- | Azbat, Al Hassan Abi |
| Home library | Current library | Date acquired | Cost, normal purchase price | Full call number | Accession Number | Koha item type | Shelving location |
|---|---|---|---|---|---|---|---|
| Henry Martyn Institute Library | Henry Martyn Institute Library | 07/05/2007 | 100.00 | 297.2 AZB | 04666 | Books | |
| Henry Martyn Institute Library | Henry Martyn Institute Library | 06/01/2018 | 50.00 | 297.2 AZB | 4785 | Books | General stacks |
